CONFESSIONS of a CURIOUS BOOKSELLER : (Record no. 186064)
[ view plain ]
| 000 -LEADER | |
|---|---|
| fixed length control field | 01182nam a2200301 i 4500 |
| 003 - CONTROL NUMBER IDENTIFIER | |
| control field | OSt |
| 005 - DATE AND TIME OF LATEST TRANSACTION | |
| control field | 20211116122750.0 |
| 008 - FIXED-LENGTH DATA ELEMENTS--GENERAL INFORMATION | |
| fixed length control field | 211116t20212021wau e 000 f eng d |
| 020 ## - INTERNATIONAL STANDARD BOOK NUMBER | |
| International Standard Book Number | 9781542025850 |
| Terms of availability | RM59.95 |
| Qualifying information | paperback |
| 040 ## - CATALOGING SOURCE | |
| Original cataloging agency | PPAK |
| Language of cataloging | eng |
| Transcribing agency | PPAK |
| Description conventions | rda |
| 082 04 - DEWEY DECIMAL CLASSIFICATION NUMBER | |
| Edition number | 23 |
| Classification number | 813.6 |
| 090 00 - LOCALLY ASSIGNED LC-TYPE CALL NUMBER (OCLC); LOCAL CALL NUMBER (RLIN) | |
| Classification number (OCLC) (R) ; Classification number, CALL (RLIN) (NR) | 813.6 |
| Feature heading | GRE |
| Feature heading | G |
| 100 1# - MAIN ENTRY--PERSONAL NAME | |
| Personal name | Green, Elizabeth, |
| Dates associated with a name | 1984- |
| Relator term | author. |
| 245 10 - TITLE STATEMENT | |
| Title | CONFESSIONS of a CURIOUS BOOKSELLER : |
| Remainder of title | a novel / |
| Statement of responsibility, etc. | ELIZABETH GREEN |
| 264 #1 - PRODUCTION, PUBLICATION, DISTRIBUTION, MANUFACTURE, AND COPYRIGHT NOTICE | |
| Place of production, publication, distribution, manufacture | Seattle : |
| Name of producer, publisher, distributor, manufacturer | Lake Union Publishing, |
| Date of production, publication, distribution, manufacture, or copyright notice | 2021 |
| Date of production, publication, distribution, manufacture, or copyright notice | ©2021 |
| 300 ## - PHYSICAL DESCRIPTION | |
| Extent | 473 pages ; |
| Dimensions | 21 cm. |
| 336 ## - CONTENT TYPE | |
| Source | rdacontent |
| Content type term | text |
| 337 ## - MEDIA TYPE | |
| Source | rdamedia |
| Media type term | unmediated |
| 338 ## - CARRIER TYPE | |
| Source | rdacarrier |
| Carrier type term | volume |
| 520 ## - SUMMARY, ETC. | |
| Summary, etc. | "A heartening and uproariously funny novel of high hopes, bad choices, book love, and one woman's best--and worst--intentions. Through emails, journal entries, combative online reviews, texts, and tweets, Fawn plans her next move to reclaim her beloved business--and her life"-- |
| 650 10 - SUBJECT ADDED ENTRY--TOPICAL TERM | |
| Topical term or geographic name entry element | Booksellers and bookselling |
| Form subdivision | Fiction |
| Topical term or geographic name entry element | Antiquarian booksellers |
| Form subdivision | Fiction |
| Topical term or geographic name entry element | Competition |
| Form subdivision | Fiction |
| 655 7# - INDEX TERM--GENRE/FORM | |
| Genre/form data or focus term | Humorous fiction |
| Genre/form data or focus term | Epistolary fiction |
| 942 ## - ADDED ENTRY ELEMENTS (KOHA) | |
| Source of classification or shelving scheme | Dewey Decimal Classification |
| Koha item type | Book |
| Withdrawn | Not for loan | Current library | Shelving location | Date acquired | Total Checkouts | Full call number | Barcode | Date last seen | Date last checked out | Koha item type | Total Renewals |
|---|---|---|---|---|---|---|---|---|---|---|---|
| Perpustakaan Alor Setar | Pinjaman Dewasa | 12/12/2021 | 6 | 813.6 GRE | A01716287 | 29/05/2024 | 21/05/2024 | Book | |||
| Perpustakaan Awam Sungai Petani | Pinjaman Dewasa | 12/12/2021 | 3 | 813.6 GRE | A01716288 | 17/09/2023 | 19/08/2023 | Book | |||
| Perpustakaan Kulim | Pinjaman Dewasa | 12/12/2021 | 3 | 813.6 GRE | A01716289 | 13/02/2024 | 02/01/2024 | Book | 2 |